<?xml version="1.0" encoding="UTF-8"?>
<record
    xmlns:xsi="http://www.w3.org/2001/XMLSchema-instance"
    xsi:schemaLocation="http://www.loc.gov/MARC21/slim http://www.loc.gov/standards/marcxml/schema/MARC21slim.xsd"
    xmlns="http://www.loc.gov/MARC21/slim">

  <leader>00408nam a22001337a 4500</leader>
  <datafield tag="082" ind1=" " ind2=" ">
    <subfield code="a">340</subfield>
    <subfield code="b">KHA</subfield>
  </datafield>
  <datafield tag="100" ind1=" " ind2=" ">
    <subfield code="a">Khan, Asad Imtiaz</subfield>
  </datafield>
  <datafield tag="245" ind1=" " ind2=" ">
    <subfield code="a">Political Science Part-11</subfield>
    <subfield code="b">LL.B. ( 5 Years Program ) as per HEC New Syllabus /</subfield>
    <subfield code="c">Asad Imtiaz Khan</subfield>
  </datafield>
  <datafield tag="260" ind1=" " ind2=" ">
    <subfield code="a">Lahore :</subfield>
    <subfield code="b">Mansoor Law Book House,</subfield>
    <subfield code="c">2021.</subfield>
  </datafield>
  <datafield tag="300" ind1=" " ind2=" ">
    <subfield code="a">552 p.</subfield>
  </datafield>
  <datafield tag="563" ind1=" " ind2=" ">
    <subfield code="a">PB.</subfield>
  </datafield>
  <datafield tag="650" ind1=" " ind2=" ">
    <subfield code="a">Law, Political Science</subfield>
    <subfield code="9">128111</subfield>
  </datafield>
  <datafield tag="942" ind1=" " ind2=" ">
    <subfield code="2">ddc</subfield>
    <subfield code="c">BK</subfield>
  </datafield>
  <datafield tag="999" ind1=" " ind2=" ">
    <subfield code="c">613136</subfield>
    <subfield code="d">613136</subfield>
  </datafield>
  <datafield tag="952" ind1=" " ind2=" ">
    <subfield code="0">0</subfield>
    <subfield code="1">0</subfield>
    <subfield code="2">ddc</subfield>
    <subfield code="4">0</subfield>
    <subfield code="6">340_000000000000000_KHA</subfield>
    <subfield code="7">0</subfield>
    <subfield code="9">638189</subfield>
    <subfield code="a">NLS</subfield>
    <subfield code="b">NLS</subfield>
    <subfield code="d">2025-03-03</subfield>
    <subfield code="l">0</subfield>
    <subfield code="o">340 KHA</subfield>
    <subfield code="p">NLS-478</subfield>
    <subfield code="r">2025-03-03</subfield>
    <subfield code="w">2025-03-03</subfield>
    <subfield code="y">BK</subfield>
  </datafield>
  <datafield tag="952" ind1=" " ind2=" ">
    <subfield code="0">0</subfield>
    <subfield code="1">0</subfield>
    <subfield code="2">ddc</subfield>
    <subfield code="4">0</subfield>
    <subfield code="6">340_000000000000000_KHA</subfield>
    <subfield code="7">0</subfield>
    <subfield code="9">638190</subfield>
    <subfield code="a">NLS</subfield>
    <subfield code="b">NLS</subfield>
    <subfield code="d">2025-03-03</subfield>
    <subfield code="l">0</subfield>
    <subfield code="o">340 KHA</subfield>
    <subfield code="p">NLS-479</subfield>
    <subfield code="r">2025-03-03</subfield>
    <subfield code="w">2025-03-03</subfield>
    <subfield code="y">BK</subfield>
  </datafield>
  <datafield tag="952" ind1=" " ind2=" ">
    <subfield code="0">0</subfield>
    <subfield code="1">0</subfield>
    <subfield code="2">ddc</subfield>
    <subfield code="4">0</subfield>
    <subfield code="6">340_000000000000000_KHA</subfield>
    <subfield code="7">0</subfield>
    <subfield code="9">638191</subfield>
    <subfield code="a">NLS</subfield>
    <subfield code="b">NLS</subfield>
    <subfield code="d">2025-03-03</subfield>
    <subfield code="l">0</subfield>
    <subfield code="o">340 KHA</subfield>
    <subfield code="p">NLS-480</subfield>
    <subfield code="r">2025-03-03</subfield>
    <subfield code="w">2025-03-03</subfield>
    <subfield code="y">BK</subfield>
  </datafield>
</record>
